Score 0/24 Timer 05:00
23 Plays Today
% Correct
Titanic
99.8%
Jurassic Park
99.1%
Forrest Gump
98.1%
Up
97.6%
Rocky
93.5%
Gladiator
93.3%
Pulp Fiction
91.3%
The Blues Brothers
90.2%
Alien
87.5%
Caddyshack
79%
Goodfellas
77.9%
Hancock
75.8%
% Correct
A Clockwork Orange
75.1%
Sin City
70.3%
The Fugitive
67.4%
Full Metal Jacket
66.4%
The Last of the Mohicans
64.9%
Scream
46.6%
Tombstone
43.2%
Swingers
40.6%
Public Enemies
40.1%
The Outlaw Josey Wales
20.7%
The Crying Game
13.3%
The Howling
10.7%
Remove Ads.
Support Sporcle.
Get the best of Sporcle when you Go Orange. This ad-free experience offers more features, more stats, and more fun while also helping to support Sporcle. Thank you for becoming a member.

You're not logged in!

Compare scores with friends on all Sporcle quizzes.
OR
Log In

Show Comments

Extras

Top Quizzes Today


Score Distribution

Your Account Isn't Verified!

In order to create a playlist on Sporcle, you need to verify the email address you used during registration. Go to your Sporcle Settings to finish the process.

Report this User

Report this user for behavior that violates our Community Guidelines.

Details: